000 01425nam0a2200325 4500
001 RU\NLR\bibl\179861
005 20260405070729.0
020 _aRU-13521
_9Летопись авторефератов диссертаций
021 _aRU
_b98-13690a
035 _a(NLR Aleph) 000176540
090 _a1018485
_c1018485
100 _a20000615d1998 |||y0rusy50 ca
101 0 _arus
102 _aRU
105 _ay dm |||||
200 1 _aРазвитие управления финансами предприятия непроизводственной сферы в условиях переходной экономики
_e(На материалах перевозок гор. отходов)
_eСпец. 08.00.05
_f[С.-Петерб. технол. ин-т сервиса]
210 _aСПб.
_d1998
215 _a24 с.
_d21
320 _aБиблиогр.: с. 24 (6 назв.) и в подстроч. примеч.
610 0 _aТехнические науки - Строительство
686 _a08.00.05
_2oksvnk
700 1 _4070
_7ca
_8rus
_aСергеева
_bВ. Г.
_cд-р экон. наук, поэт
_f1948-
_gВалентина Георгиевна
_97079
_3RU\NLR\AUTH\7724027
801 0 _aRU
_bRKP
_c20000615
_gPSBO
801 1 _aRU
_bRKP
_c20000615
801 2 _aRU
_bNLR
_c20051017
_grcr
852 _aNLR
_jА98/13690
942 _cBOOK
980 _aNB